000 00936nam a2200229Ia 4500
003 OSt
005 20250801145238.0
008 191128t2013 ck a jr 000 j spa d
020 _a9789583040801
040 _aCO-JMCR
_cCO-JMCR
041 0 _aspa
082 0 4 _aJ-C
_bMOKs
100 _aMokaddem, Salim,
_eautor
_94165
245 1 0 _aSócrates está enamorado :
_ba partir de El banquete de Platón /
_cSalim Mokaddem; ilustraciones Yann Le bras
250 _aPrimera edición
260 _aBogotá :
_bPanamericana,
_c©2013
300 _a63 páginas :
_bilustraciones a color ;
_c21 cm.
520 _aEsta noche, los más brillantes oradores de Atenas se reúnen para un banquete. Allá esrán el poeta Aristófanes, el médico Erixímaco, el artista Fedro y, por supuesto, Sócrates, el filosofo malicioso. Una profunda
650 _aCuentos juveniles
_9607
700 _aLe Brass, Yann,
_eilustrador
_94166
942 _2ddc
_cBK
999 _c4033
_d4033